000 00492nam a22001697a 4500
005 20240902141051.0
008 240902b |||||||| |||| 00| 0 eng d
020 _a978-0-8036-2949-3
041 _aeng
082 _a610.15 BUC
100 _aBUCKINGHAM, LELA
_98500
245 _aFUNDAMENTAL LABORATORY MATHEMATICS: REQUIRED CALCULATION FOR THE MEDICAL LABORATORY PROFESSIONAL
260 _aPHILADELPHIA
_bF A DAVIS COMPANY
_c2014
300 _a337;P
650 _aBMLT
_98487
942 _cBK
999 _c8632
_d8630